000 00292nam a22001337a 4500
008 170320b xxu||||| |||| 00| 0 eng d
020 _a9780071546447
041 _aeng
080 _27TH
_a616.8
100 _a7
101 _aSHM
245 _aCLINICAL NEUROLOGY
_cSIMON, R.P
942 _2udc
_cBK
999 _c8166
_d8166